[Event "SLO-chT3 West"]
[Site "Komenda"]
[Date "2022.12.10"]
[Round "2.2"]
[White "Kokalj, Janez"]
[Black "Mlacnik, Janez"]
[Result "0-1"]
[WhiteElo "1466"]
[BlackElo "1802"]
[PlyCount "62"]
[EventDate "2022.12.09"]
[EventType "team-swiss"]
[EventRounds "5"]
[EventCountry "SLO"]
[SourceTitle "EXT 2024"]
[Source "ChessBase"]
[SourceDate "2023.10.10"]
[SourceVersion "1"]
[SourceVersionDate "2023.10.10"]
[SourceQuality "1"]
[WhiteTeam "Jesenice Acroni II"]
[BlackTeam "Ljubljana Karel Jeraj"]
[WhiteTeamCountry "SLO"]
[BlackTeamCountry "SLO"]

1. e4 e6 2. d4 d5 3. e5 c5 4. c3 Ne7 5. Bd3 Nd7 6. Nf3 Nc6 7. a3 Be7 8. Be3 0-0 9. Nbd2 f6 10. Qc2 fxe5 11. Bxh7+ Kh8 12. dxe5 Ndxe5 13. Nxe5 Nxe5 14. Bd3 Nxd3+ 15. Qxd3 e5 16. Qe2 Qe8 17. Nf3 d4 18. Bg5 Bxg5 19. Nxg5 Qg6 20. h4 Bf5 21. 0-0-0 Rae8 22. Qd2 Qc6 23. f3 c4 24. cxd4 exd4 25. Qxd4 Qa4 26. Qc3 Re3 27. Qd2 c3 28. Qf2 cxb2+ 29. Qxb2 Qc4+ 30. Kd2 Qd3+ 31. Kc1 Rc8+ 0-1

[Event "Ljubljana-chT 74th"]
[Site "Ljubljana"]
[Date "2022.01.13"]
[Round "1.2"]
[White "Janzelj, Lara"]
[Black "Mlacnik, Janez"]
[Result "1-0"]
[WhiteElo "2157"]
[BlackElo "1824"]
[PlyCount "75"]
[EventDate "2022.01.13"]
[EventType "team-swiss"]
[EventRounds "9"]
[EventCountry "SLO"]
[SourceTitle "EXT 2024"]
[Source "ChessBase"]
[SourceDate "2023.10.10"]
[SourceVersion "1"]
[SourceVersionDate "2023.10.10"]
[SourceQuality "1"]
[WhiteTeam "Ig"]
[BlackTeam "Ljubljana Karel Jeraj"]
[WhiteTeamCountry "SLO"]
[BlackTeamCountry "SLO"]

1. d4 d5 2. c4 e5 3. dxe5 d4 4. a3 c5 5. e3 Nc6 6. Nf3 Bf5 7. exd4 cxd4 8. Bd3 Nge7 9. 0-0 Bg4 10. Re1 Qd7 11. b4 Ng6 12. b5 Nd8 13. h3 Bxf3 14. Qxf3 Be7 15. Qd5 Ne6 16. Bf5 Rd8 17. Qxd7+ Rxd7 18. Bxe6 fxe6 19. g3 0-0 20. Nd2 Rc8 21. Bb2 h5 22. h4 Nh8 23. Re4 Nf7 24. Rc1 b6 25. Nb3 d3 26. Kf1 Nd8 27. Ke1 Nb7 28. Rd4 Rcd8 29. Rxd7 Rxd7 30. Kd2 Nc5 31. Nxc5 Bxc5 32. Rf1 Bd4 33. Bxd4 Rxd4 34. Rc1 Kf7 35. f3 Kg6 36. Kc3 Rd7 37. Rd1 Kf5 38. Rxd3 1-0

[Event "SLO-chT Central 1st League 20th"]
[Site "Slovenia"]
[Date "2019.10.03"]
[Round "4.2"]
[White "Grabljevec, Stane"]
[Black "Mlacnik, Janez"]
[Result "0-1"]
[WhiteElo "1766"]
[BlackElo "1776"]
[PlyCount "42"]
[EventDate "2019.09.12"]
[EventType "team-tourn"]
[EventRounds "9"]
[EventCountry "SLO"]
[SourceTitle "EXT 2024"]
[Source "ChessBase"]
[SourceDate "2023.10.10"]
[SourceVersion "1"]
[SourceVersionDate "2023.10.10"]
[SourceQuality "1"]
[WhiteTeam "Medvode"]
[BlackTeam "Ljubljana Karel Jeraj"]
[WhiteTeamCountry "SLO"]
[BlackTeamCountry "SLO"]

1. e4 d6 2. d4 Nf6 3. Nc3 g6 4. Be3 Bg7 5. Be2 c6 6. Qd2 b5 7. a3 Bb7 8. Bh6 Bxh6 9. Qxh6 Nbd7 10. Nf3 e5 11. dxe5 dxe5 12. 0-0-0 Qe7 13. Bxb5 Ng4 14. Qd2 cxb5 15. Nxb5 0-0 16. h3 Ngf6 17. Nd6 Bd5 18. Qh6 Qxd6 19. Ng5 Nb6 20. h4 Rfc8 21. exd5 Qb8 0-1

[Event "Ljubljana-chT 72nd 1st League"]
[Site "Ljubljana"]
[Date "2019.03.28"]
[Round "8.2"]
[White "Mlacnik, Janez"]
[Black "Mihelic, Vesna"]
[Result "0-1"]
[WhiteElo "1778"]
[BlackElo "1742"]
[PlyCount "52"]
[EventDate "2019.01.10"]
[EventType "team-tourn"]
[EventRounds "9"]
[EventCountry "SLO"]
[SourceTitle "EXT 2024"]
[Source "ChessBase"]
[SourceDate "2023.10.10"]
[SourceVersion "1"]
[SourceVersionDate "2023.10.10"]
[SourceQuality "1"]
[WhiteTeam "Ljubljana Karel Jeraj"]
[BlackTeam "Menges Trzin II"]
[WhiteTeamCountry "SLO"]
[BlackTeamCountry "SLO"]

1. e4 e5 2. Nf3 Nc6 3. Bb5 g6 4. c3 a6 5. Bxc6 dxc6 6. d4 exd4 7. cxd4 Bg7 8. 0-0 Ne7 9. Nc3 0-0 10. Be3 Bg4 11. Qd2 Bxf3 12. gxf3 Qd7 13. Kg2 Rad8 14. Rad1 Rfe8 15. Ne2 Qe6 16. b3 f5 17. Qc2 fxe4 18. fxe4 Kh8 19. Ng3 Nc8 20. e5 Nb6 21. f3 Nd5 22. Bc1 Rf8 23. f4 Bh6 24. Kh1 Bxf4 25. Bxf4 Nxf4 26. Qd2 Qd5+ 0-1

[Event "Ljubljana-chT 72nd 1st League"]
[Site "Ljubljana"]
[Date "2019.03.07"]
[Round "6.1"]
[White "Mlacnik, Janez"]
[Black "Justin, Matjaz"]
[Result "0-1"]
[WhiteElo "1778"]
[BlackElo "2261"]
[PlyCount "60"]
[EventDate "2019.01.10"]
[EventType "team-tourn"]
[EventRounds "9"]
[EventCountry "SLO"]
[SourceTitle "EXT 2024"]
[Source "ChessBase"]
[SourceDate "2023.10.10"]
[SourceVersion "1"]
[SourceVersionDate "2023.10.10"]
[SourceQuality "1"]
[WhiteTeam "Ljubljana Karel Jeraj"]
[BlackTeam "Vrhnika"]
[WhiteTeamCountry "SLO"]
[BlackTeamCountry "SLO"]

1. e4 c5 2. Nf3 e6 3. d4 cxd4 4. c3 d3 5. c4 d6 6. Nc3 Nf6 7. Bxd3 Be7 8. 0-0 0-0 9. Qe2 a6 10. Rd1 Qc7 11. Bf4 Nbd7 12. Rac1 Ng4 13. Bb1 Nge5 14. b3 b6 15. Nxe5 Nxe5 16. Be3 Bb7 17. f4 Nd7 18. e5 dxe5 19. fxe5 Rfd8 20. Na4 Qxe5 21. Qf2 b5 22. Rxd7 Rxd7 23. Nb6 Rad8 24. Nxd7 Rxd7 25. c5 Bc6 26. b4 Bh4 27. g3 Qd5 28. Kf1 Bf6 29. Bc2 Qc4+ 30. Qe2 Qxb4 0-1

[Event "Ljubljana-chT 69th 1st League"]
[Site "Ljubljana"]
[Date "2016.04.09"]
[Round "9.2"]
[White "Mlacnik, Janez"]
[Black "Stevanic, David"]
[Result "0-1"]
[WhiteElo "1870"]
[BlackElo "2088"]
[PlyCount "66"]
[EventDate "2016.01.14"]
[EventType "team-tourn"]
[EventRounds "9"]
[EventCountry "SLO"]
[SourceTitle "EXT 2022"]
[Source "ChessBase"]
[SourceDate "2021.10.06"]
[SourceVersion "1"]
[SourceVersionDate "2021.10.06"]
[SourceQuality "1"]
[WhiteTeam "Ljubljana Karel Jeraj"]
[BlackTeam "Kocevje"]
[WhiteTeamCountry "SLO"]
[BlackTeamCountry "SLO"]

1. e4 e5 2. Nf3 Nc6 3. Bc4 Bc5 4. b4 Bxb4 5. c3 Be7 6. 0-0 Nf6 7. Re1 0-0 8. d4 d5 9. exd5 Nxd5 10. dxe5 Nb6 11. Bd3 Bg4 12. Bf4 Qd7 13. Qe2 Rfd8 14. Bc2 Qd5 15. Nbd2 Na5 16. Be4 Qd7 17. Rad1 Qa4 18. Bg3 h6 19. h3 Bh5 20. Bb1 Nd5 21. Rc1 Ba3 22. Rc2 Qc6 23. c4 Ne7 24. Qe4 Bg6 25. Qxc6 Nexc6 26. e6 Bxc2 27. e7 Re8 28. Bxc2 Bd6 29. Bxd6 cxd6 30. Ne4 Nxc4 31. Bb3 d5 32. Bxc4 dxc4 33. Nd6 Rxe7 0-1

[Event "Ljubljana-chT 69th 1st League"]
[Site "Ljubljana"]
[Date "2016.03.31"]
[Round "8.1"]
[White "Tisaj, Domen"]
[Black "Mlacnik, Janez"]
[Result "1/2-1/2"]
[WhiteElo "1816"]
[BlackElo "1870"]
[PlyCount "126"]
[EventDate "2016.01.14"]
[EventType "team-tourn"]
[EventRounds "9"]
[EventCountry "SLO"]
[SourceTitle "EXT 2022"]
[Source "ChessBase"]
[SourceDate "2021.10.06"]
[SourceVersion "1"]
[SourceVersionDate "2021.10.06"]
[SourceQuality "1"]
[WhiteTeam "Komenda Suma"]
[BlackTeam "Ljubljana Karel Jeraj"]
[WhiteTeamCountry "SLO"]
[BlackTeamCountry "SLO"]

1. d4 Nf6 2. c4 b6 3. Nf3 Bb7 4. e3 e6 5. Bd3 Be7 6. 0-0 0-0 7. Nc3 d5 8. b3 c5 9. Bb2 Nc6 10. Re1 Rc8 11. Rc1 Re8 12. dxc5 dxc4 13. Bxc4 Bxc5 14. Qe2 Qe7 15. Red1 Na5 16. Ba6 Rcd8 17. Bxb7 Nxb7 18. Nb5 Rxd1+ 19. Rxd1 Rd8 20. Nxa7 Ra8 21. Bxf6 gxf6 22. Nc6 Qc7 23. Ncd4 Nd6 24. Qc2 Qa7 25. a4 Qb7 26. Qb2 Ne4 27. Nb5 Kg7 28. h3 Rg8 29. Nc3 Nxc3 30. Qxc3 Qe7 31. Qd3 Qc7 32. Qd7 Qxd7 33. Rxd7 Rc8 34. Nd4 Kf8 35. Nb5 Ke8 36. Ra7 Rd8 37. Nc7+ Kf8 38. Ra8 Ke7 39. Rxd8 Kxd8 40. Nb5 Kd7 41. Kf1 Kc6 42. Ke2 Bb4 43. Nd4+ Kd5 44. Nc2 Kc5 45. Kd3 Ba5 46. e4 b5 47. axb5 Kxb5 48. Ne3 Kb4 49. Ng4 Bd8 50. Nh6 Kxb3 51. Nxf7 Be7 52. f4 e5 53. Ke3 f5 54. Kf3 h5 55. g4 fxg4+ 56. hxg4 hxg4+ 57. Kxg4 exf4 58. Kxf4 Kc4 59. Ng5 Bd8 60. Kf5 Kc5 61. Nf7 Ba5 62. Nh8 Bd2 63. Kg4 Kd4 1/2-1/2